Govt. of
Madhya Pradesh

Press And Advertisers Year Book 1982 (Record no. 33781)

MARC details
000 -LEADER
fixed length control field 004150000a22001690004500
003 - CONTROL NUMBER IDENTIFIER
control field MACL
005 - DATE AND TIME OF LATEST TRANSACTION
control field 20151227160721.0
008 - FIXED-LENGTH DATA ELEMENTS--GENERAL INFORMATION
fixed length control field 151227b xxu||||| |||| 00| 0 eng d
040 ## - CATALOGING SOURCE
Original cataloging agency MACL
Transcribing agency MACL
041 ## - LANGUAGE CODE
Language code of text/sound track or separate title English
082 ## - DEWEY DECIMAL CLASSIFICATION NUMBER
Classification number 050
100 ## - MAIN ENTRY--PERSONAL NAME
Personal name Infa Publications
9 (RLIN) 22988
245 ## - TITLE STATEMENT
Title Press And Advertisers Year Book 1982
260 ## - PUBLICATION, DISTRIBUTION, ETC. (IMPRINT)
Name of publisher, distributor, etc. Infa Publications
650 ## - SUBJECT ADDED ENTRY--TOPICAL TERM
Topical term or geographic name as entry element Year Book
9 (RLIN) 23531
942 ## - ADDED ENTRY ELEMENTS (KOHA)
Koha item type Books
Call number prefix 050
Source of classification or shelving scheme
Holdings
Withdrawn status Lost status Source of classification or shelving scheme Damaged status Not for loan Home library Current library Date acquired Total Checkouts Full call number Barcode Date last seen Uniform Resource Identifier Price effective from Koha item type
          MACL MACL 15/04/2015   050 CLE017058 29/04/2015 33896 15/04/2015 Books